000 00407cam a22001217a 4500
008 180718b1965 xxu||||| |||| 00| 0 eng d
082 _aA81x54 In2/61/14/Pt 6B/1
100 _aCensus of India 1961
245 _aRajasthan: village survey monographs, Peepal Khoont
260 _aDelhi
_bThe Manager of Publications
_c1965
300 _a68+p.
440 _aCensus of India 1961. Volume-XIV, Rajasthan. Part VI-B 1
999 _c484555
_d484555